Statistics for Countries with biggest gender gap

Click here to take the quiz!

General Stats

  • This quiz has been taken 21 times
  • The average score is 12 of 20

Answer Stats

HintAnswer% Correct
5.Iran
95%
3.Syria
89%
11.Egypt
84%
6.Mali
79%
7.Saudi Arabia
79%
16.Kuwait
74%
2.Pakistan
74%
10.Jordan
68%
8.Lebanon
68%
15.Qatar
68%
1.Yemen
68%
18.Algeria
63%
9.Morocco
63%
14.Turkey
63%
4.Chad
58%
13.Mauritania
58%
19.Bahrain
53%
20.Fiji
16%
12.Ivory coast
5%
17.East Timor
0%

Score Distribution

Percentile by Number Answered

Percent of People with Each Score

Your Score History

You have not taken this quiz